000 00684nam a2200229 a 4500
001 23668
003 BD-RjUL
005 20211209000945.0
008 140311s1957 enk 000 0deng d
035 _a(BD-RjUL)23733
040 _aDLC
_cTJC
_dOCL
_dUKM
_dBD-RjUL
_beng
041 _aeng
082 _a296
_bDAT 1957
100 1 _aDaiches, David,
_d1912-2005
_952486
245 1 0 _aTwo worlds :
_ban Edinburgh Jewish childhood /
_cby David Daiches.
260 _aLondon :
_bMacmillan ;
_aNew York :
_bSt. Martin's Press,
_c1957.
300 _a151 p. ;
_c23 cm.
650 0 _aJews
_zScotland
_zEdinburgh.
_972866
942 _2ddc
_cBK
999 _c23668
_d23668